<?xml version="1.0" encoding="UTF-8"?>
<record
    xmlns:xsi="http://www.w3.org/2001/XMLSchema-instance"
    xsi:schemaLocation="http://www.loc.gov/MARC21/slim http://www.loc.gov/standards/marcxml/schema/MARC21slim.xsd"
    xmlns="http://www.loc.gov/MARC21/slim">

  <leader>00561nam a2200145Ia 4500</leader>
  <controlfield tag="008">090122s9999    xx            000 0 und d</controlfield>
  <datafield tag="082" ind1=" " ind2=" ">
    <subfield code="b">4885</subfield>
    <subfield code="a">891.4684</subfield>
  </datafield>
  <datafield tag="100" ind1=" " ind2=" ">
    <subfield code="a">&#x928;&#x93E;&#x928;&#x940;</subfield>
    <subfield code="b">&#x92A;&#x93E;&#x932;&#x916;&#x940;&#x935;&#x93E;&#x932;&#x93E;/&#x935;&#x93F;</subfield>
    <subfield code="c">&#x938;</subfield>
  </datafield>
  <datafield tag="245" ind1=" " ind2=" ">
    <subfield code="a">&#x935;&#x941;&#x908; &#x926; &#x928;&#x947;&#x936;&#x928; (&#x935;&#x93E;&#x92F;&#x93E; &#x917;&#x947;&#x932;&#x932;&#x940; &#x935;&#x930;&#x94D;&#x937;&#x947; )</subfield>
  </datafield>
  <datafield tag="600" ind1=" " ind2=" ">
    <subfield code="a">&#x928;&#x93E;&#x928;&#x940;</subfield>
  </datafield>
  <datafield tag="630" ind1=" " ind2=" ">
    <subfield code="a">&#x935;&#x941;&#x908; &#x926; &#x928;&#x947;&#x936;&#x928; (&#x935;&#x93E;&#x92F;&#x93E; &#x917;&#x947;&#x932;&#x932;&#x940; &#x935;&#x930;&#x94D;&#x937;&#x947; )</subfield>
  </datafield>
  <datafield tag="700" ind1=" " ind2=" ">
    <subfield code="a">&#x928;&#x93E;&#x928;&#x940;</subfield>
  </datafield>
  <datafield tag="730" ind1=" " ind2=" ">
    <subfield code="a">&#x935;&#x941;&#x908; &#x926; &#x928;&#x947;&#x936;&#x928; (&#x935;&#x93E;&#x92F;&#x93E; &#x917;&#x947;&#x932;&#x932;&#x940; &#x935;&#x930;&#x94D;&#x937;&#x947; )</subfield>
  </datafield>
  <datafield tag="942" ind1=" " ind2=" ">
    <subfield code="c">BOOK</subfield>
  </datafield>
  <datafield tag="999" ind1=" " ind2=" ">
    <subfield code="c">28963</subfield>
    <subfield code="d">28963</subfield>
  </datafield>
  <datafield tag="952" ind1=" " ind2=" ">
    <subfield code="0">0</subfield>
    <subfield code="1">0</subfield>
    <subfield code="4">0</subfield>
    <subfield code="7">0</subfield>
    <subfield code="a">DOMGRANTH</subfield>
    <subfield code="b">DOMGRANTH</subfield>
    <subfield code="d">2009-01-22</subfield>
    <subfield code="l">0</subfield>
    <subfield code="o">4885</subfield>
    <subfield code="p">DOM-4885</subfield>
    <subfield code="r">2009-01-22 00:00:00</subfield>
    <subfield code="t">1</subfield>
    <subfield code="w">2009-01-22</subfield>
    <subfield code="y">BOOK</subfield>
  </datafield>
</record>
